000 00398nmm a2200145Ia 4500
008 251105s9999||||xx |||||||||||||||||und||
041 _aspa
100 _aMenningen, Alex
245 0 _aJosé Engling
264 _a[Santiago de Chile, Chile] :
_bNueva Patris,
_c2007
300 _a282 páginas
650 _aReligion(s)
856 _uhttps://public.digitaliapublishing.com/a/28703
942 _cCF
999 _c104250
_d104250